El juicio y el razonamiento en el niño: estudio sobre la lógica del niño
Сохранить в:
| Главный автор: | |
|---|---|
| Формат: | |
| Язык: | испанский |
| Опубликовано: |
Buenos Aires
Guadalupe
1973
|
| Редактирование: | 2a. ed |
| Серии: | Biblioteca Pedagógica
|
| Предметы: | |
| Метки: |
Добавить метку
Нет меток, Требуется 1-ая метка записи!
|
MARC
| LEADER | 00000nam a2200000 a 4500 | ||
|---|---|---|---|
| 001 | UCW5196 | ||
| 003 | CL-VaPUC | ||
| 008 | 910108e19730000AG |||||||||||||||||spa|d | ||
| 082 | 0 | 4 | |a 155.413 |b PIA |2 21 |
| 100 | 0 | |a Piaget, Jean |e author |9 308149 | |
| 245 | 1 | 3 | |a El juicio y el razonamiento en el niño: estudio sobre la lógica del niño |
| 250 | |a 2a. ed | ||
| 300 | |a v | ||
| 942 | |c BK | ||
| 945 | |d 19910108 00:00:00 | ||
| 260 | |a Buenos Aires |b Guadalupe |c 1973 | ||
| 650 | 0 | |a Juicio (Lógica) |9 310078 | |
| 650 | 7 | |a RAZONAMIENTO INFANTIL |2 CL-VaPUC |9 310079 | |
| 583 | |a last modification |c 19910108 00:00:00 |k Rodrigo Vera | ||
| 490 | 0 | |a Biblioteca Pedagógica | |
| 999 | |c 218682 |d 218680 | ||
| 952 | |0 0 |1 0 |4 0 |6 155_413000000000000_PIA_1973 |7 0 |8 P |9 208618 |a BIBEDU |b BIBEDU |c BIBEDU_PB |d 2019-11-15 |h v.2 |i 2764911 |o 155.413 PIA 1973 |p 2764911 |r 2024-01-25 |w 2019-11-15 |y BK |k EDU | ||
| 952 | |0 0 |1 0 |4 0 |6 155_413000000000000_PIA_1973 |7 0 |8 P |9 208619 |a BIBEDU |b BIBEDU |c BIBEDU_PB |d 2019-11-15 |h v.2 |i 1557394 |o 155.413 PIA 1973 |p 1557394 |r 2024-01-25 |w 2019-11-15 |y BK |k EDU | ||